Država obara cenu.

Päť juhoslovanských ekonómov a jeden taliansky riešia problematiku výpočtu ceny štátnych podnikov. Činitele určujúce hodnotu firmy. Politická nestabilita znižuje cenu podniku. Záväzky zahraničného kupca. Formy privatizácie juhoslovanských podnikov. Zdroje informácií o postavení a perspektívach podni...

Description complète

Enregistré dans:
Détails bibliographiques
Format: Chapitre de livre
Langue:serbe
Sujets:
Tags: Ajouter un tag
Pas de tags, Soyez le premier à ajouter un tag!

MARC

LEADER 00000naa a2200000 4500
001 r003372
005 20220819193841.5
041 0 |a srp 
044 |a [YU] 
245 1 0 |a Država obara cenu. 
520 |a Päť juhoslovanských ekonómov a jeden taliansky riešia problematiku výpočtu ceny štátnych podnikov. Činitele určujúce hodnotu firmy. Politická nestabilita znižuje cenu podniku. Záväzky zahraničného kupca. Formy privatizácie juhoslovanských podnikov. Zdroje informácií o postavení a perspektívach podniku. Riziko kupujúceho. Skutočná hodnota podnikov je nižšia, ako vykazuje účtovníctvo. 
610 2 0 |a podnik štátny 
610 2 0 |a ceny 
610 2 0 |a oceňovanie ekonomické 
610 2 0 |a privatizácia 
610 2 0 |a riziko 
610 2 0 |a SFRJ